000 00831nam a2200253Ia 4500
003 OSt
005 20220923212433.0
006 a|||||r|||| 00| 0
007 ta
008 220922b |||||||| |||| 00| 0 hin d
024 _a152,970
037 _cTextual
040 _aARTS
_cARTS
_bhin
041 _2hin
_ahin
082 _aNR44x, 152L8
100 _aगर्ग, लक्ष्मी नारायण
_9160180
245 0 _aहमारे संगीत रत्न
246 _aHamāre sangīt ratna
250 _aसंस्क 3
260 _aहाथरस
_b संगीत कार्यालय
_c1978
490 _aविविध पृष्ठांकन
942 _hNR44x, 152L8
_cTEXL
_2CC
999 _c308618
_d308618